| 000 | 00398nam a2200133Ia 4500 | ||
|---|---|---|---|
| 003 | PILC | ||
| 008 | 220421s2007 xx 000 0 und d | ||
| 040 | _cEARIST LIBRARY | ||
| 100 |
_aYing , Liu _9935 |
||
| 245 | 0 | _aNatural wonders in China / | |
| 260 |
_aBeixiama Chang;China International Press, _bAteneo de Manila Univ.Loyola Heights; Quezon City : _c2007. |
||
| 999 |
_c2305 _d2305 |
||
| 942 |
_2ddc _cBK |
||